DPH - metodické pokyny s komentářem

Ministerstvo financií vydalo niekoľko nových metodických pokynov, ktoré prinášajú oficiálny výklad k niektorým ďalším špecifickým oblastiam uplatňovania dane z pridanej hodnoty. Ide o Pokyn č. D-218, D-213, D-210, D-209, D-207 a Pokyn č. D-208. Pokyny sú s komentárom.

Saved in:
Bibliographic Details
Main Author: Tomíček, Milan
Format: Book Chapter
Language:Czech
Subjects:
Tags: Add Tag
No Tags, Be the first to tag this record!

MARC

LEADER 00000naa a2200000 4500
001 r041206
005 20231004065416.5
041 0 |a cze 
044 |a CZ 
245 1 0 |a DPH - metodické pokyny s komentářem  |c Milan Tomíček 
520 |a Ministerstvo financií vydalo niekoľko nových metodických pokynov, ktoré prinášajú oficiálny výklad k niektorým ďalším špecifickým oblastiam uplatňovania dane z pridanej hodnoty. Ide o Pokyn č. D-218, D-213, D-210, D-209, D-207 a Pokyn č. D-208. Pokyny sú s komentárom. 
610 2 0 |a dane z hodnoty pridanej 
610 2 0 |a Česko 
610 2 0 |a metodika 
610 2 0 |a komentáre 
610 2 0 |a zákony 
100 1 |a Tomíček, Milan